Normal view MARC view

Entry Personal Name

Number of records used in: 23

001 - CONTROL NUMBER

  • control field: 1237071

003 - CONTROL NUMBER IDENTIFIER

  • control field: OSt

005 - DATE AND TIME OF LATEST TRANSACTION

  • control field: 20260430150308.0

008 - FIXED-LENGTH DATA ELEMENTS

  • fixed length control field: 260430|| aca||aabn | a|a d

040 ## - CATALOGING SOURCE

  • Original cataloging agency: OSt
  • Transcribing agency: OSt

100 ## - HEADING--PERSONAL NAME

  • Personal name: University of Delhi. Faculty of Mathematical Sciences. Deptt. of Mathematics

670 ## - SOURCE DATA FOUND

  • Source citation: Work cat.: (OSt)1849442: Sumit Kumar Au.; Kaur Bhavneet Gu. 1237070, Robe’s Restricted Three-Body Problem with Finite Straight Segment Involving Viscosity, Oblateness, Coriolis and Centrifugal Forces, 2022
Copyright @ Delhi University Library System